书目信息 |
| 题名: |
文化娱乐产业的评价与发展
|
|
| 作者: | 谢伦灿 著 | |
| 分册: | ||
| 出版信息: | 北京 中国经济出版社 2009.04 |
|
| 页数: | 288页 | |
| 开本: | 24cm | |
| 丛书名: | ||
| 单 册: | ||
| 中图分类: | G124 | |
| 科图分类: | ||
| 主题词: | 文娱活动--产业--研究--中国 , 文娱活动 , 产业 | |
| 电子资源: | ||
| ISBN: | 978-7-5017-8813-2 | |
| 000 | 00832nam0 2200253 450 | |
| 001 | 012004346828 | |
| 005 | 20091221091129.79 | |
| 010 | @a978-7-5017-8813-2@dCNY43.00 | |
| 100 | @a20090601d2009 em y0chiy0110 ea | |
| 101 | 0 | @achi |
| 102 | @aCN@b110000 | |
| 105 | @aa z 000yy | |
| 106 | @ar | |
| 200 | 1 | @a文化娱乐产业的评价与发展@9wen hua yu le chan ye de ping jia yu fa zhan@f谢伦灿著 |
| 210 | @a北京@c中国经济出版社@d2009.04 | |
| 215 | @a288页@c图@d24cm | |
| 330 | @a本书针对我国文化娱乐产业发展的问题与障碍,以美日韩文化娱乐产业的发展模式及策略经验为借鉴,探析适合于我国文化娱乐产业的发展策略与评价体系。 | |
| 606 | 0 | @a文娱活动@x产业@x研究@y中国 |
| 606 | 0 | @a文娱活动 |
| 606 | 0 | @a产业 |
| 690 | @aG124@v4 | |
| 701 | 0 | @a谢伦灿@9xie lun can@4著 |
| 801 | 0 | @aCN@bNLC@c20091221 |
| 905 | @b20797963-67@dG124@e104@f5 | |
| 文化娱乐产业的评价与发展/谢伦灿著.-北京:中国经济出版社,2009.04 |
| 288页:图;24cm |
| ISBN 978-7-5017-8813-2:CNY43.00 |
| 本书针对我国文化娱乐产业发展的问题与障碍,以美日韩文化娱乐产业的发展模式及策略经验为借鉴,探析适合于我国文化娱乐产业的发展策略与评价体系。 |
| ● |
| 相关链接 |
|
|
|
|
正题名:文化娱乐产业的评价与发展
索取号:G124/104
 
预约/预借
| 序号 | 登录号 | 条形码 | 馆藏地/架位号 | 状态 | 备注 |
| 1 | 797963 | 207979632 | 第一样本阅览室/ [索取号:G124/104] | 在馆 | |
| 2 | 797964 | 207979641 | 第四借阅区/ [索取号:G124/104] | 在馆 | |
| 3 | 797965 | 207979650 | 第四借阅区/ [索取号:G124/104] | 在馆 | |
| 4 | 797966 | 207979669 | 第四借阅区/ [索取号:G124/104] | 在馆 | |
| 5 | 797967 | 207979678 | 第四借阅区/ [索取号:G124/104] | 在馆 |